[Event "Ceske Budejovice op-B"]
[Site "Ceske Budejovice"]
[Date "2025.06.28"]
[Round "1"]
[White "Klimes, Miroslav"]
[Black "Kennedy, David I"]
[Result "0-1"]
[WhiteElo "1477"]
[BlackElo "1732"]
[PlyCount "86"]
[EventDate "2025.06.28"]
[EventType "swiss"]
[EventRounds "9"]
[EventCountry "CZE"]
[SourceTitle "CB28_2025"]
[SourceDate "2025.07.09"]
[SourceVersion "1"]
[SourceVersionDate "2025.07.09"]
[SourceQuality "1"]

1. e4 c6 2. d4 d5 3. Nc3 dxe4 4. Nxe4 Bf5 5. Bd3 Qxd4 6. Nf3 Qd8 7. 0-0 Bxe4 8. Bxe4 Qxd1 9. Rxd1 Nf6 10. Bd3 e6 11. Bf4 Be7 12. Bc7 Nbd7 13. a3 Nd5 14. Ba5 0-0 15. c4 N5f6 16. Bc3 Rfd8 17. Rd2 a5 18. Rad1 Nc5 19. b4 Nxd3 20. Rxd3 Rxd3 21. Rxd3 axb4 22. axb4 Ra3 23. Re3 Ra4 24. c5 Nd5 25. Rd3 Nxc3 26. g3 Nd5 27. Ne5 f6 28. Nc4 Rxb4 29. Nd6 b5 30. Ra3 Ra4 31. Rd3 b4 32. Kf1 Ra3 33. Rd2 Kf8 34. h4 Bxd6 35. cxd6 Ke8 36. Ke2 Kd7 37. Kd1 c5 38. Kc1 c4 39. Rd4 c3 40. Rc4 Kxd6 41. Rc8 b3 42. Rxc3 Nxc3 43. Kb2 Nb5 0-1